| 000 | 00355nam a22001457a 4500 | ||
|---|---|---|---|
| 003 | macl | ||
| 005 | 20200716162138.0 | ||
| 008 | 200716b xxu||||| |||| 00| 0 eng d | ||
| 040 | _cmacl | ||
| 100 |
_aSingh , Arimardan _979012 |
||
| 245 | _aAshoka and Buddhism | ||
| 260 |
_a Delhi _bAadi Books _c2017 |
||
| 650 |
_aBuddhism _968894 |
||
| 942 |
_2ddc _cBK |
||
| 999 |
_c62670 _d62670 |
||